• 首页
  • 本馆介绍
  • 公告通知
  • 最新文献
  • 馆藏检索
  • 电子资源
  • 读者导购
  • 参考咨询
  • 我的图书馆
  • 登录
  • 详细信息显示
  • 放入我的书架
  • 预约/预借图书
  • 作者相关作品
  • 分类相关作品
  • 丛书相关作品
  • 出版社相关作品

书目信息

  • 表格格式
  • 工作单格式
  • 卡片格式
题名:
18世纪法国唯物主义社会历史观研究
    
 
作者: 吴仁平 , 彭康 著
分册:  
出版信息: 北京   中央编译出版社  2009
页数: 245页
开本: 24cm
丛书名: 中央编译学术文库
单 册:
中图分类: B03 , B565.2
科图分类:
主题词: 历史唯物主义--研究--法国--18世纪 , 历史唯物主义
电子资源:
ISBN: 978-7-5117-0094-0
000 01117oam2 2200289 45
001 1029954624
005 20100428141555.90
010    @a978-7-5117-0094-0@dCNY35.00
100    @a20100420d2009 em y0chiy50 ea
101 0  @achi
102    @aCN@b110000
105    @ay z 000yy
106    @ar
200 1  @a18世纪法国唯物主义社会历史观研究@A18 Shi Ji Fa Guo Wei Wu Zhu Yi She Hui Li Shi Guan Yan Jiu@f吴仁平,彭坚等著@FWu Ren Ping, Peng Jian Deng Zhu
210    @a北京@c中央编译出版社@d2009
215    @a245页@d24cm
225 2  @a中央编译学术文库
330    @a本书选取了18世纪法国唯物主义几位有代表性的思想家的社会历史观思想作为研究对象,试图在阐述其社会历史观思想的基础上,运用马克思主义唯物历史观基本观点和方法进行评介,力图从整体上揭示18世纪法国唯物主义社会历史观发展的大致逻辑线索。
461  0 @12001 @a中央编译学术文库
606 0  @a历史唯物主义@x研究@y法国@z18世纪
606 0  @a历史唯物主义
690    @aB03@v4
690    @aB565.2@v4
701  0 @a吴仁平@AWu Ren Ping@4著
701  0 @a彭康@APeng Kang@f(1901.9~1968.3)@4著
801  0 @aCN@bTANGWEI@c20100428
905    @b0594796-800@dB03@e36@f5
    
    18世纪法国唯物主义社会历史观研究/吴仁平,彭坚等著.-北京:中央编译出版社,2009
    245页;24cm.-(中央编译学术文库)
    
    
    ISBN 978-7-5117-0094-0:CNY35.00
    本书选取了18世纪法国唯物主义几位有代表性的思想家的社会历史观思想作为研究对象,试图在阐述其社会历史观思想的基础上,运用马克思主义唯物历史观基本观点和方法进行评介,力图从整体上揭示18世纪法国唯物主义社会历史观发展的大致逻辑线索。
●
相关链接 在E读中查询图书 在五车中查询图书 在当当中查询图书 在豆瓣中查询图书


正题名:18世纪法国唯物主义社会历史观研究     索取号:B03/36         预约/预借

序号 登录号 条形码 馆藏地/架位号 状态 备注
1 0594796   205947966   第一样本阅览室/ [索取号:B03/36] 在馆    
2 0594797   205947975   第一借阅区/ [索取号:B03/36] 在馆    
3 0594798   205947984   第一借阅区/ [索取号:B03/36] 在馆    
4 0594799   205947993   第一借阅区/ [索取号:B03/36] 在馆    
5 0594800   205948000   第一借阅区/ [索取号:B03/36] 在馆    
唐山师范学院图书馆 欢迎您!
大连网信软件有限公司© 版权所有